[Event "Chioggia op-B 04th"]
[Site "Chioggia"]
[Date "2009.10.10"]
[Round "3"]
[White "Boscolo, Giampaolo"]
[Black "Garbin, Ezio"]
[Result "1-0"]
[WhiteElo "1715"]
[BlackElo "1449"]
[PlyCount "65"]
[EventDate "2009.10.09"]
[EventType "swiss"]
[EventRounds "5"]
[EventCountry "ITA"]
[SourceTitle "EXT 2022"]
[Source "ChessBase"]
[SourceDate "2021.10.06"]
[SourceVersion "1"]
[SourceVersionDate "2021.10.06"]
[SourceQuality "1"]

1. e4 d5 2. e5 e6 3. d4 c5 4. c3 Nc6 5. Nf3 Bd7 6. Be2 f6 7. 0-0 Qc7 8. Bb5 0-0-0 9. Na3 fxe5 10. Bxc6 Bxc6 11. Nxe5 Bd6 12. Qg4 Re8 13. Nxc6 Qxc6 14. dxc5 Bxc5 15. b4 Bd6 16. Be3 Kb8 17. Qd4 Qa6 18. Nc2 Nf6 19. f4 Rhf8 20. h3 Ne4 21. Qxg7 Qe2 22. Qd4 Qxc2 23. Qxa7+ Kc8 24. c4 Rg8 25. g4 h5 26. Rac1 Qe2 27. cxd5+ Bc7 28. Rxc7+ Kxc7 29. Rc1+ Kd8 30. Qb6+ Ke7 31. Qxe6+ Kf8 32. Qf5+ Kg7 33. Rc7+ 1-0

[Event "Chioggia op-B 04th"]
[Site "Chioggia"]
[Date "2009.10.10"]
[Round "2"]
[White "Garbin, Ezio"]
[Black "Filippi, Simone"]
[Result "1/2-1/2"]
[WhiteElo "1449"]
[BlackElo "1664"]
[PlyCount "58"]
[EventDate "2009.10.09"]
[EventType "swiss"]
[EventRounds "5"]
[EventCountry "ITA"]
[SourceTitle "EXT 2022"]
[Source "ChessBase"]
[SourceDate "2021.10.06"]
[SourceVersion "1"]
[SourceVersionDate "2021.10.06"]
[SourceQuality "1"]

1. d4 Nf6 2. c4 d6 3. Nc3 g6 4. e4 Bg7 5. Be3 0-0 6. f3 Nbd7 7. Qd2 a6 8. Bh6 e5 9. d5 Nb6 10. Bd3 Bd7 11. 0-0-0 Rc8 12. Nge2 c6 13. Kb1 cxd5 14. cxd5 Na4 15. Nxa4 Bxa4 16. Rc1 Qe7 17. Bxg7 Kxg7 18. Qb4 Qd7 19. Nc3 b5 20. Nxa4 bxa4 21. Rxc8 Rxc8 22. Bxa6 Rc5 23. Rc1 Rxc1+ 24. Kxc1 Qc7+ 25. Qc3 Qb6 26. Be2 Qg1+ 27. Kd2 Qxh2 28. b4 axb3 29. axb3 Qxg2 1/2-1/2

[Event "Chioggia op-B 04th"]
[Site "Chioggia"]
[Date "2009.10.09"]
[Round "1"]
[White "Garbin, Ezio"]
[Black "Bortolotto, Denzio"]
[Result "1/2-1/2"]
[WhiteElo "1449"]
[BlackElo "1727"]
[PlyCount "48"]
[EventDate "2009.10.09"]
[EventType "swiss"]
[EventRounds "5"]
[EventCountry "ITA"]
[SourceTitle "EXT 2022"]
[Source "ChessBase"]
[SourceDate "2021.10.06"]
[SourceVersion "1"]
[SourceVersionDate "2021.10.06"]
[SourceQuality "1"]

1. d4 d5 2. c4 c6 3. Nc3 Nf6 4. Nf3 e6 5. Bg5 Be7 6. e3 Nbd7 7. cxd5 exd5 8. Bd3 h6 9. Bh4 Qc7 10. Rc1 Bb4 11. 0-0 Bxc3 12. Rxc3 0-0 13. Qc2 Qd6 14. a3 Re8 15. Nd2 a5 16. Rc1 a4 17. e4 dxe4 18. Nxe4 Nxe4 19. Bxe4 Qxd4 20. Re3 Re6 21. Rd1 Qb6 22. Bh7+ Kh8 23. Rxe6 fxe6 24. Qg6 Ra5 1/2-1/2

[Event "Chioggia op-B 03rd"]
[Site "Chioggia"]
[Date "2008.10.10"]
[Round "1"]
[White "Borgato, Alessandro"]
[Black "Garbin, Ezio"]
[Result "1/2-1/2"]
[WhiteElo "1637"]
[BlackElo "1440"]
[PlyCount "54"]
[EventDate "2008.10.10"]
[EventType "swiss"]
[EventRounds "5"]
[EventCountry "ITA"]
[SourceTitle "EXT 2022"]
[Source "ChessBase"]
[SourceDate "2021.10.06"]
[SourceVersion "1"]
[SourceVersionDate "2021.10.06"]
[SourceQuality "1"]

1. e4 e6 2. d4 d5 3. exd5 exd5 4. Bd3 Be6 5. Nf3 c5 6. c3 Nc6 7. 0-0 Qb6 8. Re1 h6 9. Bf5 0-0-0 10. Bxe6+ fxe6 11. Rxe6 Bd6 12. Ne5 Bxe5 13. dxe5 Kb8 14. Rd6 Nge7 15. b3 Qc7 16. Bf4 Nxe5 17. Qe2 Rxd6 18. Bxe5 Nc6 19. Bg3 Rhd8 20. Nd2 Na5 21. Re1 Ka8 22. Nf3 Nc6 23. Nh4 Qa5 24. Bxd6 Rxd6 25. Nf5 Rd8 26. Nxg7 Qxc3 27. Ne6 Rd7 1/2-1/2